[Event "Thanet Challengers 50th"]
[Site "Thanet"]
[Date "2019.08.18"]
[Round "4.2"]
[White "Quader, Zia"]
[Black "Waterfield, John W"]
[Result "1-0"]
[WhiteElo "2145"]
[BlackElo "1921"]
[PlyCount "56"]
[EventDate "2019.08.16"]
[EventType "swiss"]
[EventRounds "5"]
[EventCountry "ENG"]
[SourceTitle "BritBase"]
[Source "John saunders"]
[SourceDate "2020.02.25"]
[SourceVersion "1"]
[SourceVersionDate "2019.08.17"]
[SourceQuality "1"]

{[%evp 0,56,14,14,62,62,117,100,82,82,96,70,100,68,46,46,46,32,20,-1,9,-15,69,
42,43,51,71,62,62,62,70,21,71,41,56,34,33,41,61,-5,83,75,73,23,37,29,98,110,
110,110,110,110,110,128,156,128,156,128,143]} 1. Nf3 g6 2. e4 c5 3. d4 Bg7 4.
dxc5 Qa5+ 5. Bd2 Qxc5 6. Bc3 Bxc3+ 7. Nxc3 Nf6 8. Qd2 Nc6 9. O-O-O d6 10. e5
Nxe5 11. Nxe5 Qxe5 12. Bb5+ Bd7 13. Rhe1 Qc5 14. Qxd6 Qxd6 15. Rxd6 e6 16.
Bxd7+ Nxd7 17. Ne4 Ke7 18. Red1 Nb6 19. c4 Rac8 20. b3 h6 21. Kb2 f5 22. Nc3
Nd5 23. Nb5 Rc5 24. cxd5 Rxb5 25. Rxe6+ Kf7 26. Rd6 Re8 27. Rd2 Re7 28. Rd8 Re8
{Scoresheet indecipherable} 1-0

[Event "Thanet Challengers 50th"]
[Site "Thanet"]
[Date "2019.08.18"]
[Round "4.3"]
[White "Owens, Trefor H"]
[Black "McAllan, Ian"]
[Result "1-0"]
[WhiteElo "1960"]
[BlackElo "1998"]
[PlyCount "62"]
[EventDate "2019.08.16"]
[EventType "swiss"]
[EventRounds "5"]
[EventCountry "ENG"]
[SourceTitle "BritBase"]
[Source "John saunders"]
[SourceDate "2020.02.25"]
[SourceVersion "1"]
[SourceVersionDate "2019.08.17"]
[SourceQuality "1"]

1. d4 d5 2. Nc3 e6 3. Bf4 Nf6 4. e3 Bb4 5. Bd3 O-O 6. Nf3 b6 7. O-O Bxc3 8.
bxc3 Ba6 9. Bxa6 Nxa6 10. Bg5 Qd6 11. Ne5 Nd7 12. f4 f6 13. Nxd7 Qxd7 14. Bh4
Rae8 15. Rf3 Nb8 16. Qd3 f5 17. c4 Qa4 18. cxd5 exd5 19. Qb3 Qxb3 20. cxb3 Rf7
21. Rc1 Rd7 22. Rc3 Re6 23. Rf1 Rc6 24. Rfc1 Rxc3 25. Rxc3 Kf7 26. Be1 Ke8 27.
Kf2 Kd8 28. Kf3 Rd6 29. Rc2 Rc6 30. Rxc6 Nxc6 31. g4 g6 {Scoresheet
indecipherable} 1-0

[Event "Thanet Challengers 50th"]
[Site "Thanet"]
[Date "2019.08.18"]
[Round "4.4"]
[White "Jackson, Paul G"]
[Black "Burns, Patrick"]
[Result "1/2-1/2"]
[WhiteElo "1862"]
[BlackElo "1922"]
[PlyCount "106"]
[EventDate "2019.08.16"]
[EventType "swiss"]
[EventRounds "5"]
[EventCountry "ENG"]
[SourceTitle "BritBase"]
[Source "John saunders"]
[SourceDate "2020.02.25"]
[SourceVersion "1"]
[SourceVersionDate "2019.08.17"]
[SourceQuality "1"]

1. d4 Nf6 2. c4 c5 3. d5 e6 4. Nc3 exd5 5. cxd5 d6 6. e4 g6 7. h3 Bg7 8. Bd3
O-O 9. Nge2 a6 10. a4 Nbd7 11. Ng3 h5 12. Bg5 Qc7 13. Qd2 c4 14. Bc2 Nc5 15.
O-O Bd7 16. Bh6 b5 17. Bxg7 Kxg7 18. axb5 axb5 19. Qg5 Nh7 20. Qe3 h4 21. Nge2
f6 22. Nd4 b4 23. Nce2 Ng5 24. f3 Nf7 25. f4 Rxa1 26. Rxa1 Re8 27. Qf3 g5 28.
Rf1 Qd8 29. fxg5 Nxg5 30. Qe3 Ncxe4 31. Bxe4 Rxe4 32. Qd2 Qb6 33. Kh2 Qc5 34.
Nf5+ Kg6 35. Nf4+ Kh7 36. Nxh4 c3 37. bxc3 bxc3 38. Qc2 Ba4 39. Qb1 c2 40. Qb7+
Kg8 41. Nf5 Nf7 42. Ne6 Rxe6 43. dxe6 Qe5+ 44. Ng3 Qxe6 45. Qa8+ Qe8 46. Qxe8+
Bxe8 47. Ne4 Ba4 48. Nxf6+ Kh8 49. Nd5 Ne5 50. Nb4 d5 51. Rc1 d4 52. Nxc2 Nd3
53. Nxd4 Nxc1 1/2-1/2

[Event "Thanet Challengers 50th"]
[Site "Thanet"]
[Date "2019.08.18"]
[Round "4.5"]
[White "Waters, Andrew C"]
[Black "Heath, David R"]
[Result "1/2-1/2"]
[WhiteElo "1790"]
[BlackElo "1877"]
[PlyCount "72"]
[EventDate "2019.08.16"]
[EventType "swiss"]
[EventRounds "5"]
[EventCountry "ENG"]
[SourceTitle "BritBase"]
[Source "John saunders"]
[SourceDate "2020.02.25"]
[SourceVersion "1"]
[SourceVersionDate "2019.08.17"]
[SourceQuality "1"]

1. e4 d5 2. exd5 Nf6 3. Nf3 Nxd5 4. d4 g6 5. Be2 Bg7 6. O-O c6 7. c4 Nf6 8. Nc3
O-O 9. h3 Bf5 10. Be3 h5 11. Qd2 Nbd7 12. Bh6 Qc7 13. Bxg7 Kxg7 14. Rac1 Rad8
15. Qg5 Ne4 16. Nxe4 Bxe4 17. Qxe7 Rfe8 18. Qa3 a6 19. Qc3 Kg8 20. Rfe1 Qf4 21.
Qd2 Qf6 22. Qg5 Bxf3 23. Qxf6 Nxf6 24. Bxf3 Rxd4 25. Rxe8+ Nxe8 26. Rc2 Nd6 27.
b3 Kg7 28. Kf1 Kf6 29. Ke2 Ke5 30. g3 Nf5 31. h4 Rd6 32. Rc3 Nd4+ 33. Ke1 Nf5
34. Ke2 Nd4+ 35. Ke1 Nf5 36. Ke2 Nd4+ 1/2-1/2

[Event "Thanet Challengers 50th"]
[Site "Thanet"]
[Date "2019.08.18"]
[Round "4.6"]
[White "Harris, Martyn J"]
[Black "Atherton, John B"]
[Result "1-0"]
[WhiteElo "1907"]
[BlackElo "1862"]
[PlyCount "123"]
[EventDate "2019.08.16"]
[EventType "swiss"]
[EventRounds "5"]
[EventCountry "ENG"]
[SourceTitle "BritBase"]
[Source "John saunders"]
[SourceDate "2020.02.25"]
[SourceVersion "1"]
[SourceVersionDate "2019.08.17"]
[SourceQuality "1"]

{[%evp 0,123,31,30,26,-16,-16,-46,-34,-65,2,-38,-26,-17,22,-21,-22,-22,-13,-17,
8,2,14,14,15,15,26,22,63,13,-14,-9,-24,-15,-27,-45,-54,-39,-1,-37,-33,-64,-31,
-31,-39,-74,-52,-40,-45,-33,-38,-62,-20,-46,-46,-55,-69,-56,-68,-42,-41,-56,
-76,-94,-26,-62,-54,-54,-28,-85,-102,-87,-87,-154,-35,6,5,6,49,46,96,98,97,101,
101,102,111,102,97,95,105,97,109,95,95,97,90,100,124,111,127,79,92,87,95,77,77,
77,78,82,82,93,75,82,82,75,95,76,95,81,81,78,335,81,335,911]} 1. Nf3 Nf6 2. c4
e6 3. g3 d5 4. Bg2 Nbd7 5. Qc2 dxc4 6. Qxc4 a6 7. O-O b5 8. Qc2 Bb7 9. d3 c5
10. b3 Be7 11. Bb2 O-O 12. Nbd2 Rc8 13. a4 Nd5 14. axb5 axb5 15. Rfc1 Nb4 16.
Qd1 Qb6 17. d4 Rfd8 18. Qf1 h6 19. dxc5 Nxc5 20. Bc3 Ne4 21. Nxe4 Bxe4 22. Ne1
Qb7 23. Bxb4 Bxb4 24. Bxe4 Qxe4 25. Nd3 Rc3 26. Rxc3 Bxc3 27. Ra2 Qd5 28. Qb1
e5 29. Qc2 b4 30. Ra4 Qd4 31. Kg2 Qd5+ 32. Kg1 Qb7 33. Nc5 Qd5 34. Nd3 Qd4 35.
Kg2 e4 36. Nc1 Qd1 37. Qxd1 Rxd1 38. Na2 Rb1 39. Nxb4 Rxb3 {(=)} 40. Nd5 e3 41.
Nxe3 Be5 42. Ra2 Rb2 43. Rxb2 Bxb2 44. f4 g6 45. Nc4 Bd4 46. e4 h5 47. h3 Kg7
48. Kf3 Kf6 49. g4 hxg4+ 50. Kxg4 Bc3 51. h4 Bd4 52. h5 gxh5+ 53. Kxh5 Ke6 54.
Kg5 f6+ 55. Kg6 Bf2 56. f5+ Ke7 57. Kg7 Bh4 58. Ne3 Kd6 59. Ng4 Ke7 60. Kg6 Bg5
61. Nh6 Kf8 62. Ng4 1-0

[Event "Thanet Challengers 50th"]
[Site "Thanet"]
[Date "2019.08.18"]
[Round "4.7"]
[White "Mehmet, Zia"]
[Black "Pinch, David"]
[Result "1/2-1/2"]
[WhiteElo "1856"]
[BlackElo "1646"]
[PlyCount "88"]
[EventDate "2019.08.16"]
[EventType "swiss"]
[EventRounds "5"]
[EventCountry "ENG"]
[SourceTitle "BritBase"]
[Source "John saunders"]
[SourceDate "2020.02.25"]
[SourceVersion "1"]
[SourceVersionDate "2019.08.17"]
[SourceQuality "1"]

1. d4 Nf6 2. Nf3 c5 3. c3 cxd4 4. cxd4 g6 5. g3 Bg7 6. Bg2 d6 7. Nc3 O-O 8. O-O
Nbd7 9. Re1 e5 10. e4 Qa5 11. h3 b5 12. Bd2 Qb6 13. d5 a6 14. Rc1 Qb7 15. Qc2
Nb6 16. b3 Bd7 17. Qd3 Kh8 18. Bg5 Ng8 19. Nd2 f6 20. Be3 f5 21. f3 Rac8 22.
Ne2 Nf6 23. Kh2 Nh5 24. Rf1 f4 25. gxf4 Nxf4 26. Nxf4 exf4 27. Bd4 Rfd8 28.
Bxg7+ Kxg7 29. Qd4+ Kg8 30. Qf6 Be8 31. Qxf4 Qe7 32. Qe3 Nxd5 33. Qh6 Nb4 34.
a3 Nd3 35. Rcd1 Rc2 36. Qe3 Ne5 37. f4 Nf7 38. Qb6 d5 39. exd5 Qxa3 40. Be4 Rd6
41. Qb8 Rd8 42. Qb6 Rd6 43. Qb8 Rd8 44. Qb6 Rd6 1/2-1/2

[Event "Thanet Challengers 50th"]
[Site "Thanet"]
[Date "2019.08.18"]
[Round "4.8"]
[White "Horton, David J"]
[Black "Peters, Stephen G"]
[Result "1/2-1/2"]
[WhiteElo "1690"]
[BlackElo "2027"]
[PlyCount "111"]
[EventDate "2019.08.16"]
[EventType "swiss"]
[EventRounds "5"]
[EventCountry "ENG"]
[SourceTitle "BritBase"]
[Source "John saunders"]
[SourceDate "2020.02.25"]
[SourceVersion "1"]
[SourceVersionDate "2019.08.17"]
[SourceQuality "1"]

{[%evp 0,91,42,19,14,-16,45,63,36,37,37,19,23,10,12,-1,-8,-14,-31,-42,-68,-62,
-51,-56,-58,-49,-46,-52,-52,-46,-44,-42,-47,-55,-32,-85,-77,-87,-90,-88,-46,
-49,-23,-26,4,-22,-29,-64,-71,-82,-118,-112,-47,-47,-47,-47,-33,-37,-62,-62,
-62,-62,61,-19,-24,-45,-9,-41,-48,-48,-53,-83,-52,-106,-106,-135,-139,-131,
-119,-111,-75,-77,-55,-83,-58,-30,-30,-22,62,90,82,86,64,77]} 1. d4 Nf6 2. c4
g6 3. Nc3 Bg7 4. e4 d6 5. f3 O-O 6. Be3 e5 7. dxe5 dxe5 8. Qxd8 Rxd8 9. Bg5 c6
10. Rd1 Rxd1+ 11. Kxd1 Nbd7 12. Nh3 Nc5 13. Nf2 Ne6 14. Be3 Nd4 15. Nd3 Ne8 16.
Be2 b6 17. g4 Be6 18. b3 Rd8 19. Bxd4 Rxd4 20. Kc2 a5 21. h4 h6 22. Bd1 Nc7 23.
Ne2 Rd8 24. Ng3 b5 25. Nb2 Na6 26. Be2 Nb4+ 27. Kb1 bxc4 28. Nxc4 Bxc4 29. Bxc4
Rd2 30. h5 g5 31. a3 Nc2 32. Kc1 Rf2 33. Rd1 Nd4 34. Nf5 Rxf3 35. a4 Rf4 36.
Nd6 Rxg4 37. Bxf7+ Kf8 38. Bc4 Rf4 39. Nb7 Rxe4 40. Nxa5 Ke7 41. Nb7 Rf4 42. a5
Kd7 43. Nc5+ Kc8 44. Ne6 Bf6 45. Nxf4 exf4 46. Re1 g4 47. Re8+ Kb7 48. Rg8 g3
49. Kd2 Nf3+ 50. Ke2 Ne5 51. Rg6 Nxg6 52. hxg6 h5 53. Kf3 h4 54. Bf1 Be5 55. g7
Bxg7 56. Kxf4 1/2-1/2

[Event "Thanet Challengers 50th"]
[Site "Thanet"]
[Date "2019.08.18"]
[Round "5.1"]
[White "Heath, David R"]
[Black "Owens, Trefor H"]
[Result "1/2-1/2"]
[WhiteElo "1877"]
[BlackElo "1960"]
[PlyCount "88"]
[EventDate "2019.08.16"]
[EventType "swiss"]
[EventRounds "5"]
[EventCountry "ENG"]
[SourceTitle "BritBase"]
[Source "John saunders"]
[SourceDate "2020.02.25"]
[SourceVersion "1"]
[SourceVersionDate "2019.08.17"]
[SourceQuality "1"]

1. d4 e6 2. Nf3 f5 3. Nc3 Nf6 4. Bg5 Be7 5. Bxf6 Bxf6 6. e4 O-O 7. Bd3 d5 8.
exf5 exf5 9. O-O Nc6 10. Bb5 Qd6 11. Re1 Bd7 12. Qd2 Rae8 13. Ba4 Nb8 14. Bb3
c6 15. Ne2 Kh8 16. c3 Rg8 17. Qf4 Qf8 18. Bc2 g5 19. Qc7 f4 20. Ne5 Rg7 21.
Nxd7 Rxd7 22. Qa5 b6 23. Qb4 Be7 24. Qb3 f3 25. Ng3 Qf7 26. c4 fxg2 27. Qe3
Rdd8 28. Qc3 Na6 29. a3 dxc4 30. d5+ Bf6 31. Qxc4 Nb8 32. Qg4 Rxe1+ 33. Rxe1
Rxd5 34. Bb3 Qd7 35. Qh5 Re5 36. Rd1 Qe7 37. Kxg2 Na6 38. Bc2 Nc5 39. Nf5 Ne6
40. Qf3 Nf4+ 41. Kf1 Qc5 42. Ne3 a5 43. Bb1 Qb5+ 44. Bd3 Qc5 1/2-1/2

[Event "Thanet Challengers 50th"]
[Site "Thanet"]
[Date "2019.08.18"]
[Round "5.2"]
[White "Taylor, Mike"]
[Black "Quader, Zia"]
[Result "1/2-1/2"]
[WhiteElo "1885"]
[BlackElo "2145"]
[PlyCount "55"]
[EventDate "2019.08.16"]
[EventType "swiss"]
[EventRounds "5"]
[EventCountry "ENG"]
[SourceTitle "BritBase"]
[Source "John saunders"]
[SourceDate "2020.02.25"]
[SourceVersion "1"]
[SourceVersionDate "2019.08.17"]
[SourceQuality "1"]

1. d4 Nf6 2. c4 e6 3. Nc3 Bb4 4. e3 O-O 5. Bd3 d5 6. a3 Bxc3+ 7. bxc3 dxc4 8.
Bxc4 e5 9. Ne2 c5 10. O-O Nc6 11. Bb2 Bf5 12. Bd3 Bxd3 13. Qxd3 Qe7 14. Rfd1
Rad8 15. Qc2 exd4 16. cxd4 cxd4 17. Nxd4 Nxd4 18. Bxd4 b6 19. Qb2 Qe6 20. h3
Ne8 21. Bc3 Nf6 22. Rac1 Rfe8 23. Rd4 Rxd4 24. Bxd4 Re7 25. Qb4 Nd5 26. Qb2 f6
27. Qc2 Kf7 28. Qd1 1/2-1/2

[Event "Thanet Challengers 50th"]
[Site "Thanet"]
[Date "2019.08.18"]
[Round "5.3"]
[White "Burns, Patrick"]
[Black "Smyth, Kevin"]
[Result "1-0"]
[WhiteElo "1922"]
[BlackElo "1915"]
[PlyCount "81"]
[EventDate "2019.08.16"]
[EventType "swiss"]
[EventRounds "5"]
[EventCountry "ENG"]
[SourceTitle "BritBase"]
[Source "John saunders"]
[SourceDate "2020.02.25"]
[SourceVersion "1"]
[SourceVersionDate "2019.08.17"]
[SourceQuality "1"]

1. e4 e6 2. d3 d5 3. Nd2 Ne7 4. Ngf3 g6 5. g3 Bg7 6. Bg2 b6 7. O-O Bb7 8. Re1
c5 9. c3 Nbc6 10. Nf1 Qc7 11. h4 O-O-O 12. Ng5 Rdf8 13. exd5 Nxd5 14. Qb3 h6
15. Nf3 Re8 16. Ne3 Nxe3 17. Bxe3 Ne5 18. Bf4 Bxf3 19. Bxe5 Bxe5 20. Bxf3 Bxg3
21. fxg3 Qxg3+ 22. Bg2 Rd8 23. Qa4 Rxd3 24. Qa6+ Kd7 25. Rad1 c4 26. Qxc4 Rxd1
27. Rxd1+ Ke7 28. Qb4+ Kf6 29. Qd4+ e5 30. Rf1+ Kg7 31. Qd7 Rf8 32. Qxa7 e4 33.
Qxb6 Qxh4 34. Qd4+ f6 35. Qxe4 Qxe4 36. Bxe4 Re8 37. Bd5 f5 38. a4 Kf6 39. a5
g5 40. a6 Re7 41. Bb7 1-0

[Event "Thanet Challengers 50th"]
[Site "Thanet"]
[Date "2019.08.18"]
[Round "5.4"]
[White "McAllan, Ian"]
[Black "Jackson, Paul G"]
[Result "0-1"]
[WhiteElo "1998"]
[BlackElo "1862"]
[PlyCount "78"]
[EventDate "2019.08.16"]
[EventType "swiss"]
[EventRounds "5"]
[EventCountry "ENG"]
[SourceTitle "BritBase"]
[Source "John saunders"]
[SourceDate "2020.02.25"]
[SourceVersion "1"]
[SourceVersionDate "2019.08.17"]
[SourceQuality "1"]

1. e4 e6 2. d4 d5 3. Nc3 Nf6 4. Bg5 Bb4 5. exd5 Qxd5 6. Bxf6 Bxc3+ 7. bxc3 gxf6
8. Nf3 b6 9. g3 Bb7 10. Bg2 Qa5 11. Qd2 Nc6 12. O-O O-O-O 13. Rfd1 h5 14. h4
Ne5 15. Nxe5 fxe5 16. Bxb7+ Kxb7 17. Qg5 Qxc3 18. Qxe5 Qf3 19. Rd3 Qg4 20. Re1
Rhg8 21. Re4 Qg6 22. Rf4 Rd5 23. Qf6 Qxf6 24. Rxf6 Rg7 25. c3 Ra5 26. Rdf3 Rxa2
27. Rxf7 Rxf7 28. Rxf7 a5 29. g4 a4 30. gxh5 a3 31. h6 Re2 32. h7 a2 33. h8=Q
a1=Q+ 34. Kg2 Re1 35. Qf6 Rg1+ 36. Kh2 Rh1+ 37. Kg3 Qg1+ 38. Kf4 Qxf2+ 39. Kg5
Qxh4+ 0-1

[Event "Thanet Challengers 50th"]
[Site "Thanet"]
[Date "2019.08.18"]
[Round "5.5"]
[White "Waterfield, John W"]
[Black "Mehmet, Zia"]
[Result "1-0"]
[WhiteElo "1921"]
[BlackElo "1856"]
[PlyCount "81"]
[EventDate "2019.08.16"]
[EventType "swiss"]
[EventRounds "5"]
[EventCountry "ENG"]
[SourceTitle "BritBase"]
[Source "John saunders"]
[SourceDate "2020.02.25"]
[SourceVersion "1"]
[SourceVersionDate "2019.08.17"]
[SourceQuality "1"]

1. e4 d5 2. exd5 Qxd5 3. Nc3 Qd6 4. d4 Nf6 5. Nf3 c6 6. g3 Nbd7 7. Bg2 e6 8.
O-O Qc7 9. Re1 Be7 10. Bf4 Qd8 11. Qe2 Nd5 12. Nxd5 cxd5 13. c4 Bb4 14. Rec1
O-O 15. cxd5 Nb6 16. a3 Bd6 17. dxe6 Bxe6 18. Ng5 Bd5 19. Qd3 g6 20. Bxd6 Qxd6
21. Ne4 Bxe4 22. Qxe4 Rab8 23. Qe5 Rfd8 24. Rc7 Qxd4 25. Qe7 Qg7 26. Rxb7 Rbc8
27. Rc7 Rb8 28. Re1 h5 29. Rxa7 Nd5 30. Qe5 Nf6 31. b4 Re8 32. Re7 Rxe7 33.
Qxb8+ Qf8 34. Qxf8+ Kxf8 35. Rxe7 Kxe7 36. f4 Kd6 37. b5 Kc5 38. a4 Ng4 39. Bc6
Kb6 40. Be8 Nh6 41. Kg2 1-0

[Event "Thanet Challengers 50th"]
[Site "Thanet"]
[Date "2019.08.18"]
[Round "5.7"]
[White "Peters, Stephen G"]
[Black "Waters, Andrew C"]
[Result "1/2-1/2"]
[WhiteElo "2027"]
[BlackElo "1790"]
[PlyCount "90"]
[EventDate "2019.08.16"]
[EventType "swiss"]
[EventRounds "5"]
[EventCountry "ENG"]
[SourceTitle "BritBase"]
[Source "John saunders"]
[SourceDate "2020.02.25"]
[SourceVersion "1"]
[SourceVersionDate "2019.08.17"]
[SourceQuality "1"]

1. e4 Nf6 2. e5 Nd5 3. c4 Nb6 4. d4 d6 5. exd6 cxd6 6. Nf3 g6 7. Nc3 Bg7 8. d5
O-O 9. Be3 Bg4 10. h3 Bxf3 11. Qxf3 N8d7 12. Rc1 Ne5 13. Qf4 Rc8 14. b3 e6 15.
Be2 exd5 16. Bxb6 Qxb6 17. Nxd5 Rce8 18. O-O Qa5 19. a4 Re6 20. b4 Qxa4 21. Kh1
Qd7 22. Rfd1 Rfe8 23. Qd2 Nc6 24. Bf1 Nd4 25. Nf4 Nb3 26. Qc2 Nxc1 27. Nxe6
Qxe6 28. Qxc1 Qf5 29. Qd2 Be5 30. Kg1 b6 31. Be2 Bc3 32. Qxc3 Rxe2 33. Qd4 Qe5
34. Qxe5 dxe5 35. Rd7 Re1+ 36. Kh2 Rc1 37. Rc7 a5 38. bxa5 bxa5 39. Ra7 Rxc4
40. Rxa5 e4 41. Kg3 Rc7 42. Kf4 Re7 43. Re5 Rxe5 44. Kxe5 f5 45. g4 fxg4
1/2-1/2

[Event "Thanet Challengers 50th"]
[Site "Thanet"]
[Date "2019.08.18"]
[Round "5.8"]
[White "Atherton, John B"]
[Black "Pinch, David"]
[Result "1-0"]
[WhiteElo "1862"]
[BlackElo "1646"]
[PlyCount "83"]
[EventDate "2019.08.16"]
[EventType "swiss"]
[EventRounds "5"]
[EventCountry "ENG"]
[SourceTitle "BritBase"]
[Source "John saunders"]
[SourceDate "2020.02.25"]
[SourceVersion "1"]
[SourceVersionDate "2019.08.17"]
[SourceQuality "1"]

1. d4 Nf6 2. c4 c5 3. Nf3 cxd4 4. Nxd4 e5 5. Nc2 d5 6. Bg5 Qa5+ 7. Qd2 Qb6 8.
Bxf6 Qxf6 9. cxd5 e4 10. Nc3 Bf5 11. g3 Bc5 12. Bg2 O-O 13. O-O Re8 14. Rad1
Nd7 15. b4 Bb6 16. Na4 Rac8 17. Ne3 Bg6 18. Rc1 Bxe3 19. Qxe3 b6 20. Nc3 Qd6
21. Qd4 f5 22. Nb5 Qf6 23. d6 Qxd4 24. Nxd4 a6 25. Rc7 Rxc7 26. dxc7 Kf7 27.
Rc1 Rc8 28. Nc6 Rxc7 29. Ne5+ Nxe5 30. Rxc7+ Kf6 31. Ra7 Bh5 32. Rxa6 Nc4 33.
a4 Ke5 34. Bf1 e3 35. a5 bxa5 36. bxa5 g5 37. Ra8 Bf7 38. Bg2 Bd5 39. f4+ gxf4
40. gxf4+ Ke6 41. Re8+ Kd7 42. Bxd5 1-0